10 Largest Deserts in the World - Statistics

General Stats
  • This quiz has been taken 29 times
  • The average score is 6 of 10
Answer Stats
Answer Type Size
(km²)
Size
(sq mi)
Continent % Correct
Sahara Desert Subtropical 9,200,000 3,600,000 Africa
96%
Gobi Desert Cold Winter 1,295,000 500,000 Asia
93%
Antarctic Desert Polar 14,200,000 5,500,000 Antarctica
89%
Arctic Desert Polar 13,900,000 5,400,000 North America / Europe / Asia
89%
Arabian Desert Subtropical 2,330,000 900,000 Asia
67%
Kalahari Desert Subtropical 570,000 220,000 Africa
67%
Great Victoria Desert Subtropical 647,000 250,000 Australia
37%
Patagonian Desert Cold Winter 673,000 260,000 South America
33%
Great Basin Desert Cold Winter 492,000 190,000 North America
30%
Syrian Desert Subtropical 492,000 190,000 Asia
15%
No matching quizzes found
Score Distribution
Percent of People with Each Score
Percentile by Number Answered
Your Score History
You have not taken this quiz